000 00962nam a2200229Ii 4500
003 JO-AjNU
008 230605s9999||||xx |||||||||||||| ||und||
017 _a2015/6/2815
020 _a978-9957-507-46-6
040 _aJO-AjNU
_bara
_erda
_cJO-AjNU
041 _aara
050 1 4 _aBP940.2.D37 2015
100 3 _aتأليف: دقامسة، واصف نايف نهار,
_eauthor
_957339
245 0 0 _aتطبيقات نظرية الظروف الطارئة في الصيرفة الاسلامية=Applications of The Theory of Emergent Conditions In Islamic Banking
250 _aط1
264 3 1 _aعمان: دار الفرقان للنشر والتوزيع، 2015
300 _a367ص
_bيحتوي على ببلوغرافية وملاحق من ص 345-367ص
336 _atext
_btxt
_2rdacontent
337 _aunmediated
_bn
_2rdamedia
338 _avolume
_bnc
_2rdacarrier
650 4 _aالبنوك الاسلامية - الاقتصاد -الاسلام
_957340
999 _aA25687
_c29255
_d29255